Top 5 des meilleurs buteurs en LDC des grands clubs européens - Statistiques

Statistiques générales
  • Ce quiz a été pris 261 fois
  • Le résultat moyen est 28 sur 55
Statistiques - réponses
Club Nombre de but Joueur % Correct
Real Madrid 105 Cristiano Ronaldo
100%
FC Barcelone 120 Lionel Messi
99%
78 Karim Benzema
98%
Paris Saint Germain 42 Kylian Mbappe
93%
21 Neymar
91%
22 Neymar
91%
Atletico Madrid 32 Antoine Griezmann
90%
25 Luis Suarez
90%
Arsenal FC 35 Thierry Henry
88%
Liverpool FC 41 Mohamed Salah
86%
Manchester City 36 Sergio Aguero
86%
18 Erling Haaland
84%
30 Edinson Cavani
82%
Bayern Munich 69 Robert Lewandowski
82%
9 Zlatan Ibrahimovic
82%
20 Zlatan Ibrahimovic
82%
66 Raul
81%
54 Thomas Muller
78%
24 Sadio Mané
77%
22 Roberto Firmino
61%
16 Kevin De Bruyne
60%
10 Samuel Eto'o
59%
25 Arjen Robben
56%
12 Lautaro Martinez
56%
14 Angel Di Maria
55%
21 Vinicius Junior
53%
Juventus FC 42 Alessandro Del Piero
51%
25 Kaka
47%
8 Alvaro Morata
46%
15 Alvaro Morata
46%
Milan AC 29 Filippo Inzaghi
45%
17 Filippo Inzaghi
45%
21 Steven Gerrard
45%
24 Raheem Sterling
42%
20 Rodrygo
37%
29 Andriy Shevchenko
36%
18 Robin Van Persie
35%
9 Diego Costa
30%
25 David Trezeguet
29%
18 Paulo Dybala
27%
22 Rivaldo
27%
23 Mario Gomez
26%
20 Gabriel Jesus
24%
11 Hernán Crespo
18%
Inter Milan 14 Adriano
16%
11 Saul Niguez
16%
13 Cesc Fàbregas
14%
15 Theo Walcott
11%
7 Joao Felix
9%
20 Patrick Kluivert
7%
21 Giovane Élber
5%
13 Fredrik Ljungberg
2%
10 Luis García
2%
13 Julio Cruz
0%
14 Marco Simone
0%
Aucun quiz correspondant
Distribution des résultats
% des personnes avec chaque résultat
Percentile par nombre de réponses
Votre historique - résultats
Vous n’avez pas pris ce quiz